Central Library OPAC University of Rajshahi

Essays : (Record no. 8024)

MARC details
000 -LEADER
fixed length control field 00991cam a22002531 4500
001 - CONTROL NUMBER
control field 8024
003 - CONTROL NUMBER IDENTIFIER
rucl marc code BD-RjUL
005 - DATE AND TIME OF LATEST TRANSACTION
control field 20211208234519.0
008 - FIXED-LENGTH DATA ELEMENTS--GENERAL INFORMATION
fixed length control field 790723s1912 enk 000 0 eng
035 ## - SYSTEM CONTROL NUMBER
System control number (BD-RjUL)8069
040 ## - CATALOGING SOURCE
Original cataloging agency DLC
Transcribing agency OCl
Modifying agency DLC
-- BD-RjUL
Language of cataloging eng
041 ## - LANGUAGE CODE
Language code of text/sound track or separate title eng
082 ## - DEWEY DECIMAL CLASSIFICATION NUMBER
Classification number 915.3
Edition number 23
Author mark and year BUE 1912
100 1# - MAIN ENTRY--PERSONAL NAME
Personal name Bukhsh, S. Khuda
Dates associated with a name 1877-1931.
9 (RLIN) 221729
245 10 - TITLE STATEMENT
Title Essays :
Remainder of title Indian and Islamic/
Statement of responsibility, etc. by S. Khuda Bukhsh.
260 ## - PUBLICATION, DISTRIBUTION, ETC. (IMPRINT)
Place of publication, distribution, etc. London,
Name of publisher, distributor, etc. Probsthain & co.,
Date of publication, distribution, etc. 1912.
300 ## - PHYSICAL DESCRIPTION
Pagination [4], 295 p.
Size 20 cm.
490 0# - SERIES STATEMENT
Series statement Probsthain's oriental series ;
Volume/sequential designation Vol. V
505 0# - FORMATTED CONTENTS NOTE
Formatted contents note The spirit of Islam.--The Islamic conception of sovereignty.--The Shu 'ubiyyah movement in Islam; its origin, its growth, and its results.--Ghalib: an appreciation.--My father: his life and reminiscences.--Hindustani literature.--Thoughts on the present situation.
650 #0 - SUBJECT ADDED ENTRY--TOPICAL TERM
Topical term or geographic name as entry element Islam.
9 (RLIN) 221730
830 ## - SERIES ADDED ENTRY--UNIFORM TITLE
Uniform title Probsthain's oriental series ;
Volume number/sequential designation Vol. V
942 ## - ADDED ENTRY ELEMENTS (KOHA)
Source of classification or shelving scheme Dewey Decimal Classification
Koha item type Rare Books
Holdings
Lost status Source of classification or shelving scheme Damaged status Not for loan Collection code Permanent Location Current Location Shelving location Date acquired Source of acquisition Cost, normal purchase price Total Checkouts Full call number Date last seen Copy number Koha item type
  Dewey Decimal Classification   Not For Loan Rare Books Central Library, University of Rajshahi Central Library, University of Rajshahi Rare Book Section 09/07/1968 Dacca, Qureshi, 9.60   RA 915.3 BUE 1912 16/07/2018 C-1 Rare Books